<?xml version="1.0" encoding="UTF-8"?>
<record
    xmlns:xsi="http://www.w3.org/2001/XMLSchema-instance"
    xsi:schemaLocation="http://www.loc.gov/MARC21/slim http://www.loc.gov/standards/marcxml/schema/MARC21slim.xsd"
    xmlns="http://www.loc.gov/MARC21/slim">

  <leader>00837nam a22002057a 4500</leader>
  <datafield tag="952" ind1=" " ind2=" ">
    <subfield code="a">0001</subfield>
    <subfield code="b">0001</subfield>
    <subfield code="d">2024-04-16</subfield>
    <subfield code="l">0</subfield>
    <subfield code="o">398.0956 K89 2015</subfield>
    <subfield code="p">21839</subfield>
    <subfield code="r">2024-04-16 00:00:00</subfield>
    <subfield code="w">2024-04-16</subfield>
    <subfield code="y">BKS</subfield>
  </datafield>
  <datafield tag="999" ind1=" " ind2=" ">
    <subfield code="c">15888</subfield>
    <subfield code="d">15888</subfield>
  </datafield>
  <controlfield tag="003">MIRAKIL</controlfield>
  <controlfield tag="005">20240416113819.0</controlfield>
  <controlfield tag="008">240416b        tu ||||| |||| 00| 0 tur d</controlfield>
  <datafield tag="020" ind1=" " ind2=" ">
    <subfield code="a">9789751630179</subfield>
  </datafield>
  <datafield tag="040" ind1=" " ind2=" ">
    <subfield code="a">TR-AnCHP</subfield>
    <subfield code="c">TR-AnCHP</subfield>
  </datafield>
  <datafield tag="041" ind1=" " ind2=" ">
    <subfield code="a">tur</subfield>
  </datafield>
  <datafield tag="082" ind1=" " ind2=" ">
    <subfield code="a">398.0956</subfield>
    <subfield code="b">K89 2015</subfield>
  </datafield>
  <datafield tag="245" ind1="1" ind2="0">
    <subfield code="a">Kuzey T&#xFC;rk boylar&#x131;n&#x131;n halk edebiyat&#x131;ndan &#xF6;rnekler;</subfield>
    <subfield code="b">K&#x131;r&#x131;m a&#x11F;&#x131;zlar&#x131;/</subfield>
    <subfield code="c">&#xE7;eviren : W. Radloff ; haz&#x131;rlayan : T&#xFC;lay &#xC7;ulha</subfield>
  </datafield>
  <datafield tag="260" ind1=" " ind2=" ">
    <subfield code="a">Ankara:</subfield>
    <subfield code="b">T&#xFC;rk Dil Kurumu Yay&#x131;nlar&#x131;,</subfield>
    <subfield code="c">2015.</subfield>
  </datafield>
  <datafield tag="300" ind1=" " ind2=" ">
    <subfield code="a">899 s. ;</subfield>
    <subfield code="c">24 cm.</subfield>
  </datafield>
  <datafield tag="490" ind1="0" ind2=" ">
    <subfield code="a">Atat&#xFC;rk K&#xFC;lt&#xFC;r, Dil ve Tarih Y&#xFC;ksek Kurumu T&#xFC;rk Dil Kurumu Yay&#x131;nlar&#x131;;</subfield>
    <subfield code="v">1137.</subfield>
  </datafield>
  <datafield tag="500" ind1=" " ind2=" ">
    <subfield code="a">&#xD6;zg&#xFC;n eserad&#x131;: Proben der Volksliteratur der n&#xF6;rdlich t&#xFC;rkischen Stamme
</subfield>
  </datafield>
  <datafield tag="856" ind1=" " ind2=" ">
    <subfield code="z">Dijital N&#xFC;shas&#x131; i&#xE7;in Partimizin K&#xFC;t&#xFC;phane Sorumlusu ile ileti&#x15F;ime ge&#xE7;iniz.</subfield>
  </datafield>
  <datafield tag="942" ind1=" " ind2=" ">
    <subfield code="2">ddc</subfield>
    <subfield code="c">BKS</subfield>
  </datafield>
</record>
